000 02167nam0a2200337 i 4500
001 RU\NLR\BIBL_A\012027095
005 20241103111830.0
010 _a978590716706
_9100
021 _aRU
_b2019-35015
_9КН-П-2586
035 _a(RuMoRGB)009978131
035 _a(NLR Aleph) 012027095
090 _a11531939
_c11531939
100 _a20190531d2018 um y0rusy50 ca
101 0 _arus
102 _aRU
105 _ay|||j|||000zy
200 1 _aТехническое оснащение торговых организаций и охрана труда
_eучебное пособие для специальности 38.02.04 "Коммерция (по отраслям)"
_fДедкова Е. В., Кривдина О. А., Шошина Е. Г.
_gАвтономная некоммерческая организация высшего образования "Белгородский университет кооперации, экономики и права", Курский институт кооперации (филиал), Кафедра товароведно-технологических дисциплин
210 _aКурск
_cКурский институт кооперации (филиал) АНО ВО "Белгородский университет кооперации, экономики и права"
_d2018
215 _a100 с.
_d21
320 _aБиблиогр.: с. 96
606 _aТорговые предприятия
_jУчебные издания для высших учебных заведений
_xОборудование
_91358678
_3RU\NLR\AUTH\66253707
606 1 _aРаботники торговли
_jУчебные издания для высших учебных заведений
_xОхрана труда
_91964967
_3RU\NLR\AUTH\66899859
686 1 _aУ42(2)1-571.14я73
686 1 _aУ24(2)795.42я73
700 1 _aДедкова
_bЕ. Г.
_cканд. экон. наук
_gЕлена Геннадьевна
_9196895
_3RU\NLR\AUTH\770196946
701 1 _aКривдина
_bО. А.
701 1 _aШошина
_bЕ. Г.
942 _cBOOK
980 _aNBR